000 00651nam a2200205 i 4500
001 80879
003 ES-MaACL
005 20250830111225.0
007 t|
008 041102s1967 sp ||||1| spa d
100 1 _aHoutart, François.
_964361
245 1 0 _aRenovación
_b: la Iglesia ante el futuro /
_cFrançois Houtart ; [versión de Enrique Martí Lloret].
260 _aBarcelona :
_bHerder,
_c1967.
300 _a230 p. ;
_c20 cm.
610 2 4 _aIglesia Católica
_94639
650 4 _aCristianismo-
_xHistoria-
_yS.XX.
_9160094
700 1 _aMartí Lloret, Enrique.
_977223
852 _aES-MaACL
_jC-32789
999 _c80879
_d80879